[Event "Lidums Checkmate Op"]
[Site "Adelaide"]
[Date "2007.07.07"]
[Round "1.1"]
[White "Rogers, Ian"]
[Black "Morris, James"]
[Result "1-0"]
[Annotator "Anderson-Smith,William"]
[BlackElo "2035"]
[EventCountry "AUS"]
[EventDate "2007.07.07"]
[EventRounds "7"]
[EventType "swiss"]
[PlyCount "91"]
[WhiteElo "2624"]

{ D02: 1 d4 d5 2 Nf3 sidelines, including 2...Nf6 3 g3 and 2...Nf6 3 Bf4 } 1. c3
d5 2. Nf3 c5 3. d4 Nf6 4. dxc5 g6 ( 4... a5 5. e3 e6 6. b4 axb4 7. cxb4 b6 8.
Bb5+ ( 8. a4 bxc5 9. b5 Bd6 10. Be2 Nbd7 11. O-O Bb7 12. Bb2 O-O 13. Nbd2 Bc7
14. Qc2 c4 15. Rfd1 Qb8 16. h3 h6 17. Rdb1 Ba5 18. Nd4 Qc7 19. Bc3 Nb6 20. Bd1
Nfd7 21. Ra3 Nc5 22. Rba1 Ra7 { Muranyi,K  ( 2385 ) -Delabaca,R  ( 2203 )
/Budapest 2006/CBM 112 ext/1-0  ( 58 )}  )8... Bd7 9. Bxd7+ Nbxd7 10. O-O bxc5
11. bxc5 Nxc5 12. Bb2 Be7 13. Ne5 Ra6 14. Nd2 O-O 15. Nb3 Ncd7 16. Qd3 Qa8 17.
Nxd7 Nxd7 18. Qb1 Rb8 19. Rc1 { Pribyl,J  ( 2384 ) -Malakhatko,V  ( 2540 )
/Triesen 2004/CBM 100 ext/0-1  ( 57 )}  )5. b4 $146 ( 5. e3 Bg7 6. Bb5+ Bd7 7.
a4 O-O 8. O-O a5 9. Bxd7 Qxd7 10. b4 Na6 11. Qb3 Ne4 12. Nd4 Rac8 13. f3 Ng5
14. Rd1 axb4 15. cxb4 e5 16. Nc2 e4 17. f4 Qg4 18. Nd4 Nf3+ 19. Kh1 Nxd4 {
Chemin,V  ( 2315 ) -Mafra,L  ( 2127 ) /Sao Paulo 2003/CBM 096 ext/1-0  ( 78 )} 
)( 5. Bf4 Bg7 $14 )5... Bg7 $11 6. Bb2 O-O 7. Nbd2 a5 8. a3 Nc6 ( 8... b6 9. c4
$11 )9. e3 { Controls d4}  9... Ne4 ( 9... Qc7 10. Be2 $14 )10. Nxe4 dxe4 11.
Qxd8 Rxd8 { Traps the king in the center}  12. Nd4 Bxd4 ( 12... Bd7 13. b5 Ne5
14. a4 $14 )13. exd4 ( 13. cxd4 $5 axb4 14. axb4 Rxa1+ 15. Bxa1 Nxb4 16. Be2
$14 )13... axb4 $14 14. axb4 Rxa1+ 15. Bxa1 e5 16. dxe5 ( 16. b5 Na5 $14 )16...
Nxe5 17. c4 Bg4 18. Be2 Nd3+ 19. Bxd3 Rxd3 { Black has a mate threat}  20. O-O
Kf8 21. b5 { White wins space}  21... Ke7 22. c6 bxc6 23. b6 { White has a new
passed pawn: b6}  23... Rb3 { Black threatens to win material: Rb3xb6}  24. c5
{ White has a new protected passed pawn: b6}  24... Be2 25. Re1 f5 26. f3 Bd3 {
The black bishop on an outpost}  27. Kf2 Ke6 28. Bg7 Kd5 { Black threatens to
win material: Kd5xc5}  29. Bf8 Kd4 30. fxe4 Bxe4 31. Rd1+ Bd3 ( 31... Kc4 32.
g3 g5 33. Bd6 $14 )32. Ra1 ( 32. h4 h6 $14 )32... Rb2+ ( 32... g5 33. g3 $14
)33. Kg3 f4+ 34. Kh4 Ke4 35. Bg7 Rxg2 ( 35... Rb3 $16 $142)36. Re1+ $4 { gives
the opponent counterplay}  ( 36. b7 $142 { and White gets the upper hand} 
36... Rxh2+ 37. Kg4 Rg2+ 38. Kh3 $18 )36... Kf3 $11 37. h3 Ba6 38. Ra1 { White
threatens to win material: Ra1xa6}  38... Bc8 39. Ra8 Bb7 { Black threatens to
win material: Bb7xa8}  40. Ra7 { White threatens to win material: Ra7xb7} 
40... Bc8 41. b7 Bxb7 42. Rxb7 g5+ ( 42... Rc2 $5 $11)43. Kh5 $14 Kg3 44. Kxg5
f3 $4 { causes further problems for ?.}  ( 44... Re2 $16 $142)45. Be5+ $18 Kf2+
( 45... Kxh3+ 46. Kf4 h5 47. Kxf3 $18 )46. Kf4  1-0

[Event "Lidums Checkmate Op"]
[Site "Adelaide"]
[Date "2007.07.07"]
[Round "1.2"]
[White "Dizdarevic, Mehmedalija"]
[Black "Antic, Dejan"]
[Result "0-1"]
[Annotator "Anderson-Smith,William"]
[BlackElo "2471"]
[EventCountry "AUS"]
[EventDate "2007.07.07"]
[EventRounds "7"]
[EventType "swiss"]
[PlyCount "48"]
[WhiteElo "1956"]

{ B33: Sicilian: Pelikan and Sveshnikov Variations } 1. e4 c5 2. Nf3 Nc6 3. d4
cxd4 4. Nxd4 Nf6 5. Nc3 e5 6. Ndb5 d6 7. Bg5 a6 8. Na3 b5 9. Bxf6 gxf6 10. Nd5
f5 11. Bd3 Be6 12. c3 Bg7 13. Qh5 O-O 14. Nc2 f4 ( 14... fxe4 15. Bxe4 f5 16.
Nf4 exf4 17. Bxc6 Rc8 18. Qf3 d5 19. Nb4 a5 20. Bxd5 Qd6 21. Nc6 Rfe8 22. O-O-O
Bxd5 23. Qxd5+ Qxd5 24. Rxd5 Rxc6 25. Rxb5 a4 26. a3 Re2 27. Rf1 Rd6 28. g3 f3
29. Rxf5 { Prasad,D  ( 2445 ) -Shankar,R  ( 2295 ) /Calcutta 1996/CBM 050
ext/0-1  ( 35 )}  )15. a4 $146 ( 15. g3 f5 16. gxf4 Bxd5 17. exd5 Ne7 18. Rg1
e4 19. Nd4 Ng6 20. Ne6 Qe7 21. Bc2 Rf6 22. Qg5 b4 23. Nd4 bxc3 24. Nxf5 Qc7 25.
b3 Re8 26. Nxg7 Kxg7 27. O-O-O Qc5 28. Rdf1 Qd4 29. f5 Re5 { Kain,S  ( 1914 )
-Lugasi,Z  ( 2045 ) /Balatonlelle 2006/CBM 113 ext/1/2-1/2  ( 51 )}  )15...
bxa4 16. Rxa4 a5 17. Bb5 ( 17. O-O $5 $14 $142 { is an interesting alternative}
)17... Ne7 $15 18. c4 f5 19. b4 ( 19. Qh3 Rb8 20. Na3 Bxd5 21. exd5 e4 $17
)19... fxe4 ( 19... Bxd5 20. exd5 axb4 21. Qh3 Rxa4 22. Bxa4 $19 )20. Nxe7+
Qxe7 21. bxa5 ( 21. Bc6 $5 Rac8 22. Bxe4 $17 )21... d5 22. Qe2 ( 22. cxd5 $5
$142 Qc5 23. Qe2 Bxd5 24. O-O $19 )22... f3 $19 23. gxf3 exf3 24. Qd2 Rad8  0-1

[Event "Lidums Checkmate Op"]
[Site "Adelaide"]
[Date "2007.07.07"]
[Round "1.3"]
[White "Johansen, Darryl Keith"]
[Black "Jackson, Ralph E"]
[Result "1-0"]
[Annotator "Anderson-Smith,William"]
[BlackElo "1938"]
[EventCountry "AUS"]
[EventDate "2007.07.07"]
[EventRounds "7"]
[EventType "swiss"]
[PlyCount "71"]
[WhiteElo "2445"]

{ A55: Old Indian Defence with Nf3 and e4 } 1. c4 d6 2. d4 Nf6 3. Nc3 c6 4. e4
Nbd7 5. Nf3 e5 6. Be2 Be7 7. O-O O-O 8. Qc2 h6 ( 8... Qe8 9. b3 ( 9. Rd1 Bd8
10. dxe5 dxe5 11. Rb1 Qe7 12. b4 Bc7 13. Nh4 g6 14. Bh6 Re8 15. Qc1 Nf8 16. Qg5
Ne6 17. Nf5 Nxg5 18. Nxe7+ Rxe7 19. Bxg5 Kg7 20. Be3 Re8 21. f3 Nd7 22. Kf2 Nf8
23. b5 Ne6 { Comp Zap!Chess-Alonso,S  ( 2441 ) /Villa Martelli 2006/CBM 113
ext/1/2-1/2  ( 65 )}  )9... a6 10. Bb2 b6 11. Rad1 Bb7 12. Rfe1 Qb8 13. Bf1 Re8
14. g3 b5 15. a3 Bf8 16. dxe5 Nxe5 17. Nxe5 dxe5 18. b4 Bc8 19. c5 a5 20. Ne2
Bg4 21. Rd2 Qc8 22. Nc1 axb4 23. axb4 { Bareev,E  ( 2729 ) -Morozevich,A  (
2678 ) /Monte Carlo 2003/CBM 093 ext/1-0  ( 71 )}  )9. Rb1 $146 ( 9. h3 Re8 (
9... Nh7 10. dxe5 dxe5 11. Rd1 Qc7 12. Be3 Bg5 13. Nxg5 Nxg5 14. Bxg5 hxg5 15.
Qd2 f6 16. Bg4 Nc5 17. Qe2 Ne6 18. Qe3 Nd4 19. Qg3 Qe7 20. Rd2 Be6 21. b3 Bf7
22. Ne2 Rfd8 23. Rad1 c5 24. h4 { Mendoza Moreno,J-Elias,L/Villa Giardino
2002/CBM 088 ext/0-1  ( 34 )}  )10. Be3 Bf8 11. Rad1 Qc7 12. d5 c5 13. Kh2 Kh8
14. g4 Ng8 15. Rg1 g6 16. Rg2 Ndf6 17. Rh1 a6 18. Kg1 Bd7 19. g5 Nh5 20. h4 Qd8
21. Qd2 Qe7 22. gxh6 Nf4 23. Bxf4 exf4 { Gereben,E-Balla,Z/Budapest
1935/HCL/1-0  ( 41 )}  )( 9. b3 Nh7 10. dxe5 dxe5 11. Bb2 Qc7 12. Nd1 Ng5 13.
Ne3 Re8 14. Nf5 Nxf3+ 15. Bxf3 Bf8 16. Rad1 g6 17. Ng3 Nc5 18. Rd2 Ne6 19. Ne2
Ng5 20. Qc3 a5 21. a3 Be6 22. Rfd1 Nxf3+ 23. gxf3 a4 { Blasovszky,I  ( 2265 )
-Berkovich,D  ( 2455 ) /Budapest 1992/CBM 030 ext/0-1  ( 38 )}  )9... a5 10. b3
Re8 11. Rd1 Qc7 12. Bb2 ( 12. d5 Nc5 $14 )12... Bf8 13. Bf1 exd4 14. Nxd4 {
Black's piece can't move: c8}  14... Nc5 15. Re1 Ne6 { Black threatens to win
material: Ne6xd4}  ( 15... g6 16. a3 $11 )16. Nf5 { White has an active
position}  ( 16. Nxe6 Rxe6 17. Ne2 Ng4 $14 )16... g6 { Black threatens to win
material: g6xf5}  ( 16... Nc5 17. f3 $11 )17. Ne3 ( 17. Na4 Nd7 18. Qc3 Ne5 $14
)17... Bg7 $11 18. Rbd1 Ng5 ( 18... Nc5 $5 $11)19. f3 $14 { Secures g4}  19...
Nh5 ( 19... Ne6 20. Qf2 $14 )20. Na4 $16 b6 ( 20... Bxb2 $5 21. Qxb2 Bh3 $16
)21. Bxg7 $18 Nxg7 22. Qd2 Re6 ( 22... Rd8 23. e5 Ne8 24. c5 bxc5 25. Nc4 $16
)23. Nc3 ( 23. Ng4 Kf8 $18 )23... Bb7 $2 ( 23... Qe7 24. Nc2 Qc7 25. f4 $16
)24. Nc2 ( 24. Ng4 $5 f6 $18 )24... Qe7 ( 24... Rae8 $5 $16 $142)25. Nd4 $18
Rf6 26. Na4 c5 ( 26... Qe5 27. Nxb6 Rd8 28. Na4 $18 )27. Nb5 Rxf3 ( 27... Ra6
28. h4 Nh7 29. Nxd6 $18 ( 29. Qxh6 $2 { leads to nothing}  29... g5 30. hxg5
Rxh6 31. gxh6 Ne8 $19 ))28. Qxd6 Nh3+ ( 28... Qxd6 { cannot change destiny} 
29. Nxd6 ( 29. Rxd6 $6 Rf4 $18 )29... Bc6 30. Nxb6 $18 )29. gxh3 Qg5+ 30. Bg2
Re3 ( 30... Ne6 { doesn't do any good}  31. Kh1 Rf2 32. Qg3 Rxa2 33. Nxb6 $18
)31. Qd2 ( 31. Nbc3 { and White can already relax}  31... Rxe1+ 32. Rxe1 Rd8
$18 )31... Rxe1+ 32. Qxe1 Re8 ( 32... Rd8 { the last chance for counterplay} 
33. Rd6 Rxd6 34. Nxd6 Bc6 35. Nxb6 Qd8 $18 )33. Nd6 Re7 34. Qg3 Qf6 ( 34... Bc6
{ cannot undo what has already been done}  35. Qxg5 hxg5 36. Nc8 $18 )35. Nxb7
Rxb7 36. e5 ( 36. e5 Qe7 37. Bxb7 Qxb7 38. Qg2 $18 ) 1-0

[Event "Lidums Checkmate Op"]
[Site "Adelaide"]
[Date "2007.07.07"]
[Round "1.4"]
[White "Sykes, Alexander"]
[Black "Chapman, Mark"]
[Result "1/2-1/2"]
[Annotator "Anderson-Smith,William"]
[BlackElo "2444"]
[EventCountry "AUS"]
[EventDate "2007.07.07"]
[EventRounds "7"]
[EventType "swiss"]
[PlyCount "41"]
[WhiteElo "1930"]

{ A84: Dutch Defence: 2 c4 Miscellaneous } 1. c4 e6 2. d4 f5 3. Nc3 Nf6 4. e3 d5
5. Bd3 c6 6. Nge2 Bd6 7. f3 O-O 8. Bd2 ( 8. O-O Nbd7 ( 8... Qe8 9. e4 dxe4 10.
fxe4 fxe4 11. Nxe4 Nxe4 12. Bxe4 e5 13. d5 Bc5+ 14. Kh1 Bg4 15. Qe1 Bh5 16. Ng3
Bf7 17. b4 Bd4 18. Rb1 cxd5 19. cxd5 Qb5 20. Nf5 Nd7 21. Bd2 Nf6 22. Qg3 Nh5
23. Qh3 { Fischer,P  ( 1697 ) -Guerra,F  ( 1969 ) /Olavarria 2003/CBM 097
ext/0-1  ( 55 )}  )9. cxd5 cxd5 10. h3 a6 11. e4 fxe4 12. fxe4 dxe4 13. Nxe4
Nxe4 14. Bxe4 Rxf1+ 15. Qxf1 Nf6 16. Bf3 Qb6 17. Qf2 e5 18. Nc3 Be6 19. Be3 Qc7
20. Rc1 exd4 21. Bxd4 Rf8 22. Qe3 Re8 { Vyzmanavin,A  ( 2610 ) -Nikolic,P  (
2655 ) /New York 1994/CBM 041 ext/1/2-1/2  ( 49 )}  )8... b6 $146 ( 8... Na6 9.
a3 Nc7 10. O-O e5 11. c5 Be7 12. dxe5 Nd7 13. f4 Nxc5 14. Bc2 a5 15. g4 fxg4
16. Nd4 Qe8 17. Qe1 g6 18. Nce2 b6 19. b4 axb4 20. axb4 Rxa1 21. Qxa1 N5e6 22.
Qa7 b5 23. Bb3 { Rogers,I  ( 2580 ) -Schmittdiel,E  ( 2430 ) /Gausdal 1996/CBM
051 ext/1-0}  )( 8... Kh8 9. Qc2 Qe7 10. cxd5 Nxd5 11. a3 Nd7 12. Nxd5 cxd5 13.
Qb3 Qh4+ 14. g3 Qh6 15. e4 Qh5 16. e5 Bxe5 17. dxe5 Nc5 18. Qc3 Qxf3 19. Qxc5
Qxh1+ 20. Qg1 Qf3 21. Qe3 Qh1+ 22. Qg1 Qf3 23. Nf4 { Bischoff,K  ( 2550 )
-Prusikin,M  ( 2430 ) /Lippstadt 1998/CBM 065 ext/1-0  ( 48 )}  )9. Qc2 Ba6 10.
cxd5 cxd5 ( 10... Nxd5 11. Bxa6 Nxa6 12. O-O $11 )11. Bxa6 Nxa6 12. a3 { Covers
b4}  ( 12. Nb5 Bb4 $11 )12... Qc7 ( 12... Qe8 13. O-O $11 )13. g3 { Prevents
intrusion on f4}  ( 13. Qa4 Qb7 $14 )13... Rac8 14. Qd3 Qb7 15. O-O Rfe8 16.
Nb5 Bf8 17. Rac1 Nc7 18. Nxc7 Rxc7 19. Rxc7 Qxc7 20. Rc1 { White threatens to
win material: Rc1xc7}  20... Qb7 21. Qc2  1/2-1/2

[Event "Lidums Checkmate Op"]
[Site "Adelaide"]
[Date "2007.07.07"]
[Round "1.5"]
[White "Toth, Andras"]
[Black "Cloudsdale, Colin"]
[Result "1-0"]
[Annotator "Anderson-Smith,William"]
[BlackElo "1929"]
[EventCountry "AUS"]
[EventDate "2007.07.07"]
[EventRounds "7"]
[EventType "swiss"]
[PlyCount "43"]
[WhiteElo "2421"]

{ B85: Sicilian Scheveningen: 6 Be2 a6, lines with early Be3 } 1. e4 c5 2. Nf3
e6 3. d4 cxd4 4. Nxd4 Nc6 5. Nc3 a6 6. Be2 Qc7 7. Be3 Nf6 8. O-O Be7 9. f4 d6
10. Qe1 Bd7 11. Qg3 O-O 12. Kh1 Rfe8 13. e5 Nd5 14. Nf5 g6 15. Nh6+ ( 15. Nxd5
exd5 16. exd6 Bxd6 17. Nxd6 Qxd6 18. Rfe1 Bf5 19. c3 d4 20. cxd4 Nxd4 21. Rad1
Nxe2 22. Qh4 Qe7 23. Qxe7 Rxe7 24. Bf2 Rae8 25. g3 Be4# { 0-1 Bryn,T  ( 1994 )
-Pedersen,O  ( 2098 ) /Tromsoe 2006/CBM 112 ext}  )15... Kg7 { Black threatens
to win material: Kg7xh6}  16. Nf5+ $146 { Deflection: f5}  ( 16. Nxd5 exd5 17.
f5 Nxe5 18. Nxf7 Nxf7 19. fxg6 hxg6 20. Bd3 Ne5 21. Bxg6 Nxg6 22. Bd4+ Kh6 23.
Rf7 Bg5 24. Bg7+ Kh5 25. Bf6 Bh6 26. Rg7 Qxc2 27. Rxg6 Qf5 28. Rxh6+ Kxh6 29.
Qg7+ Kh5 30. g4+ { 1-0 Tischbierek,R  ( 2466 ) -Csajka,F  ( 2256 ) /Zuerich
2005/CBM 110 ext}  )16... Kg8 ( 16... exf5 17. Nxd5 { Deflection}  )17. exd6
Bxd6 18. Nxd6 Nxc3 $4 { another bit of territory lost}  ( 18... Qxd6 $142 19.
Bg1 Nxc3 20. Qxc3 Qb4 $16 )19. Nxe8 $18 ( 19. bxc3 $6 { is a useless try} 
19... Qxd6 20. Rad1 Qe7 $16 )19... Nxe2 ( 19... Rxe8 { doesn't get the bull off
the ice}  20. bxc3 Ne7 21. c4 $18 )20. Nxc7 Nxg3+ 21. hxg3 Rc8 22. Rad1 ( 22.
Rad1 Nb8 23. Na8 $18 ) 1-0

[Event "Lidums Checkmate Op"]
[Site "Adelaide"]
[Date "2007.07.07"]
[Round "1.6"]
[White "Stojic, Svetozar"]
[Black "Tao, Trevor"]
[Result "0-1"]
[Annotator "Anderson-Smith,William"]
[BlackElo "2354"]
[EventCountry "AUS"]
[EventDate "2007.07.07"]
[EventRounds "7"]
[EventType "swiss"]
[PlyCount "60"]
[WhiteElo "1919"]

{ B15: Caro-Kann: 3 Nc3: 3...g6 and 3...dxe4 4 Nxe4 Nf6 5 Nxf6+ exf6 } 1. e4 c6
2. d4 g6 3. Nc3 Bg7 4. Nf3 d5 5. e5 Bg4 6. h3 Bxf3 7. Qxf3 e6 8. Be3 ( 8. Nd1
c5 9. Qb3 Nc6 10. c3 Qc7 11. Be3 Nge7 12. g4 O-O 13. f4 f6 14. Be2 fxe5 15.
fxe5 Rf7 16. Rc1 Raf8 17. Rc2 a6 18. Kd2 b5 19. Qa3 c4 20. b4 a5 21. bxa5 Ra8
22. Rf1 Rxa5 { Jakubovic,N  ( 2368 ) -Mohr,G  ( 2488 ) /Pula 2000/CBM 077/0-1 
( 40 )}  )8... Nd7 ( 8... Ne7 9. g4 O-O 10. O-O-O c5 11. Qg3 Nbc6 12. f4 cxd4
13. Bxd4 Nxd4 14. Rxd4 Nc6 15. Rd1 g5 16. Bd3 gxf4 17. Qxf4 Nxe5 18. h4 Rc8 19.
h5 h6 20. Rh3 Qc7 21. Qd2 Nxg4 22. Qe2 Ne5 23. Rg1 { Perez Perez,M  ( 2026 )
-Perez,R  ( 2422 ) /Pamplona 2004/CBM 104 ext/0-1  ( 39 )}  )9. O-O-O Ne7 $146
( 9... a6 10. g4 Qe7 11. h4 h5 12. Kb1 Qf8 13. Ne2 hxg4 14. Qxg4 Nh6 15. Bxh6
Rxh6 16. Nf4 O-O-O 17. Bd3 Qe7 18. Rdg1 Rdh8 19. Bxg6 Bxe5 20. dxe5 Nxe5 21.
Qe2 Nxg6 22. Nxg6 Rxg6 23. Rxg6 fxg6 24. Qg4 { Garnier
Salvi,V-Stoessel,H/Budapest 2000/CBM 079 ext/0-1  ( 42 )}  )10. g4 ( 10. h4 $5
$14 { must be considered} )10... c5 $11 { The typical lever}  11. Qg3 cxd4 12.
Bxd4 ( 12. Rxd4 $2 Bxe5 13. f4 Bxd4 14. Bxd4 O-O $19 )12... Nc6 13. f4 Nxd4 14.
Rxd4 a6 { Consolidates b5}  15. Bg2 ( 15. h4 $11)15... Rc8 ( 15... g5 $5 $142 {
is interesting}  16. Nxd5 exd5 17. Rxd5 Qc7 $17 )16. h4 Qb6 17. Rdd1 Rc4 (
17... Qb4 18. Rh3 $14 )18. h5 ( 18. Nxd5 $5 exd5 19. Bxd5 $16 )18... g5 $14 {
Black threatens to win material: g5xf4}  19. h6 { White threatens to win
material: h6xg7}  19... Bf8 20. fxg5 Bc5 21. Nxd5 exd5 22. Bxd5 { Black wins a
piece.}  22... Rd4 23. Rhf1 { White threatens to win material: Rf1xf7}  ( 23.
Bb3 $5 $142 { has some apparent merit}  23... O-O 24. Kb1 $11 )23... O-O $15
24. e6 $2 ( 24. Kb1 Rxd1+ 25. Rxd1 Bd4 $15 )24... Rxd1+ ( 24... fxe6 25. Bb3
Rxd1+ 26. Rxd1 Be3+ 27. Kb1 $19 )25. Kxd1 $2 ( 25. Rxd1 $142 fxe6 26. Be4 Be3+
27. Kb1 Bxg5 28. Bxh7+ Kxh7 29. Rxd7+ Kg8 30. h7+ Kh8 31. a3 $17 )25... fxe6
$19 26. Rxf8+ Bxf8 27. Bb3 ( 27. Be4 Nc5 28. Qe3 Qd6+ 29. Ke2 Nxe4 30. Qxe4 Qd5
$19 )27... Nc5 28. Qf3 ( 28. Qe3 { doesn't improve anything}  28... Qd6+ 29.
Ke1 Nxb3 30. axb3 Qb4+ 31. Kd1 Qxg4+ 32. Kc1 Be7 $19 )28... Qd8+ 29. Ke2 Qxg5
30. c3 ( 30. Bc4 { does not win a prize}  30... b5 31. b4 Qc1 $19 )30... Bxh6 
0-1

[Event "Lidums Checkmate Op"]
[Site "Adelaide"]
[Date "2007.07.07"]
[Round "1.7"]
[White "Sandler, Leonid"]
[Black "Brown, Andrew"]
[Result "1-0"]
[Annotator "Anderson-Smith,William"]
[BlackElo "1915"]
[EventCountry "AUS"]
[EventDate "2007.07.07"]
[EventRounds "7"]
[EventType "swiss"]
[PlyCount "81"]
[WhiteElo "2345"]

{ B38: Sicilian: Maroczy Bind with 5...Bg7 and 7...0-0 } 1. Nf3 c5 2. c4 Nc6 3.
d4 cxd4 4. Nxd4 g6 5. e4 Bg7 6. Be3 d6 7. Nc3 Nf6 8. Be2 O-O 9. O-O Bd7 10. f3
Rc8 11. Qd2 Ne5 12. b3 a6 13. Rac1 h5 ( 13... Bc6 14. Rfd1 h5 15. h3 Ned7 16.
b4 Nb8 17. a4 Bd7 18. b5 Be6 19. Nxe6 fxe6 20. e5 dxe5 21. Qa2 Qc7 22. c5 Rcd8
23. Qxe6+ Kh7 24. c6 bxc6 25. b6 Qb7 26. a5 c5 27. Bxc5 Nc6 28. Bd3 { Karpov,A 
( 2679 ) -Safiye,Y  ( 2291 ) /Damascus 2001/CBM 081 ext/1-0  ( 38 )}  )14. Rfd1
$146 ( 14. a4 Kh7 15. Nd5 Bc6 16. Nxc6 bxc6 17. Nb6 Rb8 18. a5 c5 19. Rb1 Nc6 {
1/2-1/2 Mortensen,H  ( 2023 ) -Madland,K/Copenhagen 2005/CBM 107 ext}  )14...
Kh7 15. h3 Qa5 16. f4 Nc6 17. Nf3 Rfe8 ( 17... Rfd8 $5 $16 $142)18. c5 $1 $18 {
the decision}  18... e5 ( 18... dxc5 19. e5 { Combination}  )19. Ng5+ ( 19.
Qxd6 $6 Be6 20. f5 gxf5 21. exf5 Bxf5 $16 )19... Kg8 20. Bc4 ( 20. Qxd6 $6 Rcd8
21. fxe5 Be6 $11 )20... Nd8 ( 20... Rf8 21. Qf2 Nd4 22. cxd6 exf4 23. Bxd4 (
23. Rxd4 $6 fxe3 24. Qxe3 Ng4 25. hxg4 Bxd4 26. Qxd4 Qxg5 $14 )23... Qxg5 24.
e5 $18 )21. Qxd6 ( 21. fxe5 { and White can already relax}  21... dxe5 22. Qf2
Be6 $18 )21... exf4 $2 ( 21... Rc6 $142 22. Qd2 exf4 $18 )22. Qxf4 Ne6 23. Nxe6
( 23. Qf2 $142 { seems even better}  23... Bc6 24. Rd6 Qc7 25. Nxe6 fxe6 26.
Rxe6 Rxe6 27. Bxe6+ Kh7 28. Bxc8 Qxc8 $18 )23... Bxe6 24. Nd5 Bxd5 25. exd5 (
25. Bxd5 Nxd5 26. exd5 Qxa2 $18 )25... Re4 26. Qf2 Rce8 $2 ( 26... Rxe3 $142
27. Qxe3 Re8 $18 )27. d6 Rxe3 28. d7 R3e7 29. dxe8=Q+ Rxe8 ( 29... Nxe8 30. Kh1
Qc7 31. Rf1 $18 )30. Rd7 $1 { Deflection: e8}  30... Nxd7 31. Qxf7+ Kh7 32.
Qxe8 ( 32. Qxd7 $6 { is much worse}  32... Qxc5+ 33. Kh1 Re7 $11 )32... Nf6 $2
( 32... Qxc5+ 33. Kh1 Qg5 $18 )33. Qe3 Qc7 34. Re1 ( 34. Rf1 $142 { keeps an
even firmer grip}  34... Nd7 35. Rf7 Qxc5 36. Qxc5 Nxc5 $18 )34... Bf8 ( 34...
Nd7 { there is nothing better in the position}  35. b4 a5 $18 )35. b4 b6 (
35... Qd8 { does not solve anything}  36. Bd3 Qd5 37. Qg3 $18 )36. Rf1 ( 36.
Qe6 $5 $142 { keeps an even firmer grip}  36... Bg7 37. Qf7 Qxf7 38. Bxf7 bxc5
39. bxc5 Bf8 $18 )36... Bg7 37. Qe6 ( 37. Bd3 $142 { seems even better}  37...
Qd8 38. Rd1 Qe8 39. Qxe8 Nxe8 40. cxb6 Bd4+ 41. Kf1 Bxb6 42. Bxa6 Kg7 $18
)37... Qd8 ( 37... bxc5 { what else?}  38. Rxf6 Bxf6 39. Qxf6 cxb4 $18 )38. Qd6
( 38. cxb6 $142 { might be the shorter path}  38... Nd7 39. b7 Nb8 $18 )38...
Qh8 ( 38... Qxd6 { no good, but what else?}  39. cxd6 b5 $18 )39. Bd3 ( 39.
cxb6 $5 { makes it even easier for White}  39... Ne4 40. Qc7 Kh6 41. Qf4+ Ng5
$18 )39... bxc5 40. bxc5 Kh6 ( 40... Bf8 { is one last hope}  41. Qxf6 Bxc5+
42. Kh2 Qxf6 43. Rxf6 Kh8 44. Rxg6 h4 $18 )41. c6 ( 41. c6 Kh7 42. c7 $18 ) 1-0

[Event "Lidums Checkmate Op"]
[Site "Adelaide"]
[Date "2007.07.07"]
[Round "1.8"]
[White "Voon, Richard"]
[Black "Chow, Samuel"]
[Result "0-1"]
[Annotator "Anderson-Smith,William"]
[BlackElo "2297"]
[EventCountry "AUS"]
[EventDate "2007.07.07"]
[EventRounds "7"]
[EventType "swiss"]
[PlyCount "70"]
[WhiteElo "1903"]

{ D85: Exchange Grünfeld: Unusual White 7th moves and lines with 7 Nf3 } 1. c4
Nf6 2. Nf3 g6 3. Nc3 d5 4. d4 Bg7 5. cxd5 Nxd5 6. e4 Nxc3 7. bxc3 O-O 8. Bb5
$146 ( 8. Qc2 c5 9. Bb2 cxd4 10. Nxd4 Qa5 11. Nb3 Qe5 12. Bd3 Qg5 13. O-O e5
14. Bc1 Qf6 15. Be3 Nc6 16. Rab1 b6 17. Nc1 Bb7 18. Ne2 Rac8 19. Qa4 Na5 20.
Bb5 Rc7 21. Rfd1 Qe6 22. f3 f5 { Zwanepol,J  ( 1725 ) -Kovac,S  ( 2150 ) /Bled
1996/CBM 051 ext/0-1  ( 39 )}  )( 8. Ba3 Bg4 9. Be2 Nd7 10. O-O c5 11. h3 Bxf3
12. Bxf3 Qa5 13. Qb3 Rfd8 14. e5 e6 15. Rfd1 Rab8 16. Rab1 Bf8 17. Bc1 Be7 18.
Bf4 Nb6 19. Be3 c4 20. Qc2 Nd5 21. Bxd5 Rxd5 22. a4 Qa6 { Skembris,S  ( 2481 )
-Epishin,V  ( 2667 ) /Bolzano 2000/CBM 077 ext/1/2-1/2  ( 42 )}  )( 8. Bc4 h6
9. O-O c5 10. Be3 cxd4 11. cxd4 Nc6 12. Rc1 Bg4 13. Bd5 Qd7 14. Bxc6 bxc6 15.
Rc4 Rad8 16. Qa4 Bxf3 17. gxf3 Qh3 18. Qxc6 Rd6 19. Qc7 Qxf3 20. e5 Qg4+ 21.
Kh1 Qf3+ 22. Kg1 Qg4+ { Wilhelm,B-Traczewski,W/Vienna 2006/CBM 113 ext/1/2-1/2}
 )( 8. Bd2 b6 9. Bd3 Bb7 10. O-O Nd7 11. Re1 c5 12. e5 cxd4 13. cxd4 e6 14. Rc1
Rc8 15. Rxc8 Qxc8 16. Qc1 Bxf3 17. gxf3 a5 18. Bc3 Rd8 19. Bb5 Nf8 20. Kg2 Qb7
21. Qg5 Qd5 22. Ba4 h6 { Nguyen Thanh Luan-Doan Khoi Nguyen/Hue 2003/CBM 095
ext/1-0  ( 59 )}  )8... c5 9. O-O b6 ( 9... Bg4 10. Be3 $11 )10. Bb2 ( 10. dxc5
bxc5 11. Rb1 Qc7 $14 )10... a6 { Black threatens to win material: a6xb5}  11.
Ba4 cxd4 ( 11... Qc7 $5 $11 { is noteworthy} )12. cxd4 $16 Bb7 13. Qe2 b5 14.
Bb3 Nd7 15. Rfd1 { White plans d5}  15... a5 16. Bc2 ( 16. d5 Bxb2 17. Qxb2 Nc5
$16 )16... Rb8 { Black has a cramped position}  17. Rac1 Qb6 18. Bb1 b4 { This
push gains space}  19. d5 { White gains space}  19... Ba6 { Black threatens to
win material: Ba6xe2}  20. Qd2 Bxb2 21. Qxb2 { Black king safety dropped} 
21... Nc5 ( 21... Rbc8 22. Qd2 $14 )22. Qe5 { White threatens to win material:
Qe5xe7}  ( 22. Qd2 Rfc8 23. e5 Qd8 $14 )22... Na4 ( 22... Be2 $5 $142 { should
not be overlooked}  23. Rd2 Bxf3 24. gxf3 Rbc8 $11 )23. Rc6 $16 ( { Inferior is
} 23. Qxe7 Nc3 24. Nd4 Rbc8 25. Rxc3 Rxc3 $15 )23... Qa7 ( 23... Qb7 $5 24. Nd4
Rbc8 25. Rxc8 Rxc8 $14 )24. Nd4 $18 Rb7 $2 ( 24... Rfe8 25. Nf5 gxf5 26. Qxf5
e6 27. Qg5+ Kh8 28. Qf6+ Kg8 $18 )25. Nb3 ( 25. Nf5 $142 { and White wins} 
25... gxf5 26. Qxf5 $18 )25... Bb5 $17 26. Rc2 Nc3 27. Rxc3 bxc3 28. Qxc3 Ba4
29. Bc2 ( 29. e5 $5 $17)29... Rc7 $19 30. Qd2 ( 30. Qd4 Qxd4 31. Rxd4 Bd7 $19
)30... Rfc8 31. Bd3 Rc3 ( 31... Qb6 $19 $142)32. Rc1 $4 { terrible, but the
game is lost in any case}  ( 32. Qe1 $17 $142)32... Rxc1+ $19 33. Nxc1 Qd4 34.
Nb3 ( 34. h3 { otherwise it's curtains at once}  34... Qa1 35. Kh2 Rxc1 36. Be2
$19 )34... Bxb3 35. axb3 Rc3 ( 35... Rc3 36. g3 Rxd3 $19 ) 0-1